RELIGIOUS foundations of Islam

Saved in:
Bibliographic Details
Main Author: edited by Mazhar, Mohd
Format: Book
Language:English
Published: Discovery Publishers 2014
Tags: Add Tag
No Tags, Be the first to tag this record!

MARC

LEADER 00000nam a22000007a 4500
008 201207b ||||| |||| 00| 0 eng d
020 |a 978-93-5056-496-7 
100 |a edited by Mazhar, Mohd 
245 |a RELIGIOUS foundations of Islam  |c Mohd Mazhar  |g 304p 
250 |c Mazhar, Mohd 
260 |b Discovery Publishers  |c 2014  |h New Delhi  |i  691306  |i 691305  |l BP130.4 .R27  |m Quran – Criticism, Interpretation  |m Quran – Study and teaching 
500 |a It includes index 
942 |a lcc  |c BK  |e Kuteyi M. A.  |f 7/12/2020 
952 |0 0  |1 0  |2 lcc  |4 0  |7 0  |9 168  |a HOL  |b ART  |c AF  |d 2020-12-07  |o BP130.4 .R27  |p 2020-0112  |r 2020-12-07 00:00:00  |w 2020-12-07  |y BK 
952 |0 0  |1 0  |2 lcc  |4 0  |6 BP01304 R27  |7 0  |9 196  |a HOL  |b HOL  |c AF  |d 2020-12-08  |l 0  |o BP130.4 .R27  |p 2020-0140  |r 2020-12-08 00:00:00  |w 2020-12-08  |y BK 
999 |c 57  |d 57